[Event "Znojemska rotunda 2001"]
[Site "?"]
[Date "2001.08.25"]
[Round "9"]
[White "Markovic I."]
[Black "Urban V."]
[Result "0-1"]
[WhiteElo "2235"]
[BlackElo "1926"]
[PlyCount "82"]

1. e4 e6 2. Qe2 c5 3. Nf3 Nc6 4. g3 g6 5. Bg2 Bg7 6. O-O Nge7 7. c3 d5 8. d3
O-O 9. e5 Qc7 10. Re1 b6 11. Bf4 Ba6 12. Nbd2 Rac8 13. h4 h5 14. Ng5 Nf5 15.
Bh3 Qe7 16. Ndf3 Nh6 17. Qd2 Rce8 18. Kg2 Ng4 19. Bxg4 hxg4 20. Nh2 f5 21. exf6
Qxf6 22. Bd6 Rf7 23. Nxf7 Qxf7 24. Bf4 Qf5 25. Rad1 e5 26. Bg5 Rf8 27. Rf1 e4
28. c4 exd3 29. cxd5 Nd4 30. Be3 Qxd5+ 31. f3 gxf3+ 32. Kh3 Ne2 33. Rf2 Nxg3
34. Rg1 Bc8+ 35. Ng4 Bxg4+ 36. Kxg3 Be5+ 37. Bf4 Rxf4 38. Kh2 Re4+ 39. Kh1 Re2
40. Rxe2 fxe2+ 41. Rg2 Bg3 0-1

[Event "Znojemska rotunda 2001"]
[Site "?"]
[Date "2001.08.25"]
[Round "9"]
[White "Molik Zd."]
[Black "Jurica P."]
[Result "1/2-1/2"]
[WhiteElo "2128"]
[BlackElo "2168"]
[PlyCount "58"]

1. e4 Nf6 2. Nc3 d5 3. e5 d4 4. Nce2 Ng4 5. f4 h5 6. Nf3 Nc6 7. c3 dxc3 8. bxc3
Be6 9. Ng3 Bd5 10. Bb5 h4 11. Nd4 Qd7 12. Ngf5 Nh6 13. Ne3 h3 14. Qa4 Bxg2 15.
Nxg2 hxg2 16. Rg1 a6 17. e6 Qd5 18. Ba3 Qe4+ 19. Kd1 Rd8 20. Nxc6 Qf3+ 21. Be2
Qxc6 22. Qxc6+ bxc6 23. Bf3 fxe6 24. Bxc6+ Kf7 25. Rxg2 Nf5 26. Kc2 Rh4 27. Rf1
g6 28. Bc5 Bh6 29. Rgf2 Rh8 1/2-1/2